Najczęściej używane języki w Stanach Zjednoczonych - Statystyki

Ogólne statystyki
  • Ten quiz został rozwiązany 29 razy
  • Średni wynik to 15 z 26
Statystyki odpowiedzi
# użytkowników Język % Poprawnych
245 mln Angielski
100%
533 tys. Polski
100%
1,04 mln Rosyjski
100%
3,40 mln Chiński
96%
574 tys. Jidysz / Pensylwański
96%
857 tys. Niemiecki
96%
513 tys. Włoski
96%
1,18 mln Francuski
93%
41,3 mln Hiszpański
93%
455 tys. Japoński
89%
937 tys. Portugalski
89%
1,39 mln Arabski
85%
865 tys. Hindi
81%
1,07 mln Koreański
70%
1,52 mln Wietnamski
56%
403 tys. Bengalski
41%
472 tys. Perski
37%
508 tys. Urdu
22%
895 tys. Francuski Kreolski (Haitański)
15%
448 tys. Nepalski / Marathi
7%
486 tys. Samoański / Hawajski
7%
596 tys. Amharski / Somalijski
4%
640 tys. Joruba / Igbo
4%
1,72 mln Tagalog
4%
437 tys Gudźarati
0%
460 tys. Telugu
0%
Nie znaleziono quizów pasujących do podanych kryteriów
Rozkład punktacji
Procent ludzi z każdym wynikiem
Percentyl według liczby udzielonych odpowiedzi
Twoja historia wyników
Nie rozwiązałeś tego quizu